|
|
|
|
| LEADER |
00000cam a2200000 7i4500 |
| 001 |
0000006081 |
| 005 |
20170221093000.0 |
| 008 |
021119s1965 |
| 020 |
|
|
|a 0900658282
|
| 090 |
0 |
0 |
|a CB361
|b .H3
|
| 100 |
0 |
|
|a Hale, John R., ,
|d 1951- ,
|e author
|
| 245 |
0 |
0 |
|a Renaissance
|c John R. Hale and the editors of Time Life Books
|
| 260 |
2 |
|
|a Amsterdam :
|b Time Life Books ,
|c 1965
|
| 300 |
|
|
|a 191 p. ;
|c 28 cm.
|
| 440 |
0 |
0 |
|a Great ages of man
|
| 504 |
|
|
|a Includes bibliography (p.186) and index
|
| 650 |
|
0 |
|a Civilization, Medieval
|
| 650 |
|
0 |
|a Renaissance
|
| 710 |
1 |
1 |
|a Time-Life Books
|
| 999 |
|
|
|a 1000002963
|b Book
|c OPEN SHELF (30 DAYS)
|e Gong Badak Campus
|